00678nam a22001697a 4500003000500000038001800005082000800023100004000031245016100071264003300232650002600265700004200291856005700333942001200390999001900402952008700421NUST aNusrat Nadeem a200 aGardezi, Syeda Hania Zainab9134427 aDo Women Who Accept Intimate Partner Violence (IPV) Also Endorse Harsh Discipline of Children? Evidence From Punjab, Pakistan/cSyeda Hania Zainab Gardezi,  aIslamabad:bS3H NUST,c2026. aMS-Economics 9123068 aSupervisor: Dr. Muhammad Ali9124901 uhttp://10.250.8.41:8080/xmlui/handle/123456789/57672 2ddccSC c617426d617426 00104070aCLbCLcTHEd2026-05-13l0o200pCL-T-7799r2026-05-13w2026-05-13ySC